Statistics for Animal Varieties Quiz #3

Click here to take the quiz!

General Stats

  • This quiz has been taken 46,278 times
  • The average score is 13 of 20

Answer Stats

VarietiesAnimal% Correct
Grizzly, Polar, BlackBear
100%
Beluga, Pilot, KillerWhale
88%
Red, Arctic, FennecFox
85%
Horse, Fruit, TsetseFly
83%
Sting, Manta, EagleRay
80%
Dung, Japanese, BombardierBeetle
79%
Monarch, Owl, SwallowtailButterfly
72%
Mountain, Fainting, CashmereGoat
72%
Homing, Passenger, FancyPigeon
67%
Cottontail, Angora, EuropeanRabbit
66%
Canada, Snow, GreyGoose
64%
African Forest, African Bush, AsianElephant
63%
Three-toed, Two-toedSloth
61%
Monitor, Horned, BasiliskLizard
60%
Bighorn, Argali, DomesticSheep
54%
Box, Lion's Mane, IrukandjiJellyfish
41%
Whooping, Sandhill, Grey CrownedCrane
40%
Pistol, Mantis, BrineShrimp
38%
California, AndeanCondor
37%
Pileated, Ivory-Billed, HairyWoodpecker
18%

Score Distribution

Percentile by Number Answered

Percent of People with Each Score

Your Score History

You have not taken this quiz